书目信息 |
| 题名: |
社会研究方法
|
|
| 作者: | 巴比 著 ;邱泽奇 译 | |
| 分册: | ||
| 出版信息: | 北京 华夏出版社 2009 |
|
| 页数: | 576页 | |
| 开本: | 24cm | |
| 丛书名: | 社会学教材经典译丛 | |
| 单 册: | ||
| 中图分类: | C91-03 | |
| 科图分类: | ||
| 主题词: | 社会学--研究方法--教材 , 社会学 , 研究方法 | |
| 电子资源: | ||
| ISBN: | 978-7-5080-4800-0 | |
| 000 | 01073nam0 2200313 450 | |
| 001 | 100428599205 | |
| 005 | 20110224090009.46 | |
| 010 | @a978-7-5080-4800-0@dCNY78.00 | |
| 035 | @a004229903 | |
| 100 | @a20090731d2009 em y0chiy0110 ea | |
| 101 | 1 | @achi@ceng |
| 102 | @aCN@b110000 | |
| 105 | @ay z 001yy | |
| 106 | @ar | |
| 200 | 1 | @a社会研究方法@9she hui yan jiu fang fa@dThe practice of social research@f(美)艾尔·巴比(Earl Babble)著@g邱泽奇译@zeng |
| 210 | @a北京@c华夏出版社@d2009 | |
| 215 | @a576页@d24cm | |
| 225 | 1 | @a社会学教材经典译丛 |
| 305 | @a由圣智学习出版公司授权出版 据原书第11版译出 | |
| 330 | @a本书讨论范围广泛,论述严密,从社会理论基本范式到学科报告撰写,从社会研究的基本概念到各种复杂技术方法。 | |
| 510 | 1 | @aPractice of social research@zeng |
| 606 | 0 | @a社会学@x研究方法@j教材 |
| 606 | 0 | @a社会学 |
| 606 | 0 | @a研究方法 |
| 690 | @aC91-03@v4 | |
| 701 | 0 | @c(美)@a巴比@9ba bi@c(Babbie, Earl)@4著 |
| 702 | 0 | @a邱泽奇@9qiu ze qi@c(副教授)@4译 |
| 801 | 0 | @aCN@bNLC@c20110224 |
| 905 | @b205976746-764@h597674-76@dC91-03@e709@f3 | |
| 社会研究方法=The practice of social research/(美)艾尔·巴比(Earl Babble)著/邱泽奇译.-北京:华夏出版社,2009 |
| 576页;24cm.-(社会学教材经典译丛) |
| ISBN 978-7-5080-4800-0:CNY78.00 |
| 本书讨论范围广泛,论述严密,从社会理论基本范式到学科报告撰写,从社会研究的基本概念到各种复杂技术方法。 |
| ● |
| 相关链接 |
|
|
|
|
正题名:社会研究方法
索取号:C91-03/709
 
预约/预借
| 序号 | 登录号 | 条形码 | 馆藏地/架位号 | 状态 | 备注 |
| 1 | 597674 | 205976746 | 第一样本阅览室/ [索取号:C91-03/709] | 在馆 | |
| 2 | 597675 | 205976755 | 第一借阅区/ [索取号:C91-03/709] | 在馆 | |
| 3 | 597676 | 205976764 | 第一借阅区/ [索取号:C91-03/709] | 在馆 |